| 000 | 00674nam a2200229Ia 4500 | ||
|---|---|---|---|
| 001 | 15193 | ||
| 003 | GE_BSU | ||
| 008 | 181216s||||||||xx |||||||||||||| ||und|| | ||
| 040 | _cGE_BSU | ||
| 080 | _a821.353.1-32+821.353.1-94 | ||
| 100 | _aშანშიაშვილი, სანდრო | ||
| 245 | _aმოთხრობები. | ||
| 245 | _bმოგონებები | ||
| 245 | _cრედ:ლ.ასათიანი | ||
| 260 | _aთბილისი. | ||
| 260 | _bსაბჭოთა მწერალი | ||
| 260 | _c1946 | ||
| 300 | _a350გვ;16სმ | ||
| 541 | _h5ლ. | ||
| 653 | _aმოთხრობები. | ||
| 942 | _cBK | ||
| 999 |
_c48306 _d48306 |
||